000 00690nam a2200193 a 4500
008 120416s1990 ||||||||||||||||| || u
020 _a0198542763
050 _aQH 541.5.R27 Whi
100 _aWhitmore, T. C. (Timothy Charles)
245 1 3 _aAn introductionto tropical rain forests
260 _aOxford
_bClarendon Oxford University Press
_c1990.
300 _a226 p. : ill.
350 _a0.00
500 _aBibliography.
650 _aRAIN FORESTS
650 _aECOLOGY
650 _aRAIN FOREST ECOLOGY
995 _D0.00
_FCBU-MAIN LIBRARY (Kitwe)
_H1
_I19.95
_M1
_UAVAILABLE
_WMay 24, 2006
_ZMain Library Open Access Collection
999 _c48095
_d48095